| 000 | 00537nam a2200145Ia 4500 | ||
|---|---|---|---|
| 008 | 231129s1999||||xx |||||||||||||| ||spa|| | ||
| 020 | _a958-683-104-3 | ||
| 040 | _bspa | ||
| 082 | _a304.8 L925d | ||
| 100 | _aLozano V. Fabio Alberto | ||
| 245 | 0 | _aDe víctimas de la violencia a buscadores de la vida: formación acompañamiento y asesoria a desplazados Tierralta Córdoba | |
| 260 | _c1999 | ||
| 264 | _aPontificia Universidad ; Facultad de Estudios Ambientales y Rurales | ||
| 942 |
_2ddc _cBKS |
||
| 999 |
_c8848 _d8848 |
||